| 000 | 00613nam a22001817a 4500 | ||
|---|---|---|---|
| 005 | 20251108165024.0 | ||
| 008 | 250721s1982 xx 000 0 ara d | ||
| 082 | 1 | 4 | _a359/مار |
| 100 | 1 | _aمارتن، ل . دبليو | |
| 245 | 1 | 0 | _aالبحر في الإستراتيجية الحديثة / |
| 264 | 1 |
_aبيروت : _bالمؤسسة العربية للدراسات والنشر، _c1982. |
|
| 300 | _a189ص | ||
| 650 | 1 | 7 | _aالقوة البحرية |
| 650 | 1 | 7 | _aالأساطيل العسكرية |
| 700 | 1 |
_aعناد، عبد الكريم الحاج _eترجمة |
|
| 942 |
_2ddc _cBK |
||
| 999 |
_c20142 _d20142 |
||